000
00283nam a22001217a 4500
041
_a
ENG
100
_a
Gangstad.E.O
245
_a
Natural Resouece Management Of Water And Land
260
_a
New York
_b
Van Nostrand
_c
1996
300
_a
192
650
_a
SWCE
856
_u
SWCE ( 24 )
999
_c
1839
_d
1839